00412nam a2200133 a 4500008004100000020001800041050001600059100002000075245008100095250001600176260004200192300003300234350001100267201116s2014 ||||||||||||||||| || u a9780748743148 aQC 23.2 Bre aBreithaupt, Jim10aNew understanding physics for advanced level(4th edition)cBy Jim Breithaupt a4th edition aOxfordbOxford University Pressc2014 aix, 727 pages: illustrations a152.94